| 000 | 00671cam a2200217 4500 | ||
|---|---|---|---|
| 001 | sa 68014764 | ||
| 003 | DLC | ||
| 005 | 20260227112635.0 | ||
| 008 | 700216s1967 ii 00000 eng | ||
| 010 | _asa 68014764 //r822 | ||
| 025 | _aPL480:I-E-9403 | ||
| 050 | 0 |
_aQ180.I5 _bA534 |
|
| 082 | _a507/.2/054 | ||
| 110 | 1 | 0 |
_aIndia (Republic). _bDirectorate of Research Coordination & Industrial Liaison. |
| 245 | 1 | 0 | _aResearch programmes of universities and research institutes (non-CSIR): physics, geophysics, biophysics. |
| 260 | 1 |
_aNew Delhi, _c1967. |
|
| 300 |
_avi, 60 p. _c24 cm. |
||
| 350 | _aunpriced | ||
| 500 | _aCover title. | ||
| 650 | 0 |
_aResearch _zIndia. |
|
| 999 |
_c86034 _d86034 |
||